[Event "Pontevedra op 7th"]
[Site "Pontevedra"]
[Date "2019.08.13"]
[Round "8"]
[White "Bouza Santiso, Roque"]
[Black "Silva, Mariana Sofia Teixe"]
[Result "0-1"]
[WhiteElo "1775"]
[BlackElo "1901"]
[PlyCount "60"]
[EventDate "2019.08.08"]
[EventType "swiss"]
[EventRounds "9"]
[EventCountry "ESP"]
[SourceTitle "EXT 2020"]
[Source "ChessBase"]
[SourceDate "2019.10.17"]
[SourceVersion "1"]
[SourceVersionDate "2019.10.17"]
[SourceQuality "1"]

1. e4 c5 2. Nf3 g6 3. d4 cxd4 4. Nxd4 Nc6 5. Nc3 Bg7 6. Be3 Nf6 7. f3 0-0 8. Bc4 Re8 9. Qd2 e6 10. Bb3 d5 11. 0-0-0 Nxd4 12. Bxd4 e5 13. Bf2 d4 14. Nd5 Nxd5 15. Bxd5 Be6 16. Bb3 Qc7 17. Qd3 a5 18. Kd2 Bh6+ 19. Ke2 a4 20. Bxe6 Rxe6 21. c3 dxc3 22. bxc3 Rc6 23. Be1 Bg5 24. Rb1 Rb6 25. Bf2 Rxb1 26. Rxb1 Rd8 27. Qb5 Qxc3 28. Kf1 Qc2 29. Qb2 Rd1+ 30. Be1 Qxb1 0-1